Biggest Trading Partners - Fiji - Statistics

General Stats
  • This quiz has been taken 481 times
  • The average score is 23 of 30
Answer Stats
exports imports country % Correct
139 mil 402 mil Australia
99%
62.9 mil 416 mil China
98%
64.9 mil 403 mil New Zealand
98%
180 mil 64.3 mil United States
98%
24.6 mil Indonesia
95%
28.7 mil 159 mil Japan
94%
51.3 mil India
92%
34.8 mil 20.1 mil United Kingdom
92%
22.0 mil France
90%
9.8 mil Germany
90%
78.0 mil South Korea
89%
54.9 mil Malaysia
86%
4.9 mil 356 mil Singapore
85%
10.8 mil Canada
84%
22.6 mil Samoa
84%
39.0 mil Tonga
83%
9.2 mil 18.1 mil Vietnam
83%
14.2 mil Italy
81%
17.1 mil Papua New Guinea
81%
11.6 mil Solomon Islands
80%
5.6 mil 60.0 mil Thailand
80%
38.9 mil Vanuatu
79%
12.0 mil 44.4 mil Taiwan
76%
9.0 mil Tuvalu
76%
31.3 mil Kiribati
75%
19.0 mil Netherlands
60%
4.8 mil Timor-Leste
42%
10.7 mil Switzerland
38%
10.4 mil Cook Islands
10%
8.4 mil Eswatini
4%
No matching quizzes found
Score Distribution
Percent of People with Each Score
Percentile by Number Answered
Your Score History
You have not taken this quiz